Kiến trúc nhiệt đới ẩm

Nội dung cuốn sách cung cấp những cơ sở khoa học cùng kinh nghiệm dân gian quý báu, để giúp tạo môi trường sống cho con người thích hợp với điều kiện khí hậu nóng ẩm.

Uloženo v:
Podrobná bibliografie
Hlavní autor: Hoàng, Huy Thắng
Médium: Kniha
Jazyk:Undetermined
Vydáno: Hà Nội Xây dựng 2010
Témata:
Tagy: Přidat tag
Žádné tagy, Buďte první, kdo otaguje tento záznam!
Thư viện lưu trữ: Trung tâm Học liệu Trường Đại học Cần Thơ
LEADER 00886nam a2200217Ia 4500
001 CTU_168835
008 210402s9999 xx 000 0 und d
020 |c 83000 
082 |a 721.046 
082 |b Th116 
100 |a Hoàng, Huy Thắng 
245 0 |a Kiến trúc nhiệt đới ẩm 
245 0 |c Hoàng Huy Thắng 
260 |a Hà Nội 
260 |b Xây dựng 
260 |c 2010 
520 |a Nội dung cuốn sách cung cấp những cơ sở khoa học cùng kinh nghiệm dân gian quý báu, để giúp tạo môi trường sống cho con người thích hợp với điều kiện khí hậu nóng ẩm. 
650 |a Architecture,Kiến trúc 
650 |x Environmental aspects,Khía cạnh môi trường 
904 |i Qhieu 
980 |a Trung tâm Học liệu Trường Đại học Cần Thơ